000 00345pam a2200157a 44500
008 230515b1999 xxu||||| |||| 00| 0 eng d
020 _aNULL
041 _aMARATHI
082 _a1
100 _aGODBOLE V.
245 _aNIGHUNTURANTNAKAR-2
250 _a1
260 _aSANGAI
_bN.D.
_c1999
300 _a100
650 _aNIGHUNTURANTNAKAR-2
999 _c497023
_d497023